El sistema de cero labranza: una alternativa tecnológica en la producción de arroz bajo riego

Guardado en:
Bibliografiske detaljer
Autores Corporativos: Instituto Nacional de Aprendizaje (Costa Rica), Organización para Estudios Tropicales, Fundación AVINA
Andre forfattere: Jiménez R, Jorge A Director del proyecto, González J, Eugenio Coordinador del proyecto
Format: Bog
Sprog:Spanish
Udgivet: San José, Costa Rica. : Organización para Estudios Tropicales, 2003
Fag:
Tags: Tilføj Tag
Ingen Tags, Vær først til at tagge denne postø!

MARC

LEADER 00000nam a2200000Ia 4500
003 MV0010
005 20221231143939.0
008 140114s2003 cr a 000 ||spa d
040 |c cru CEDI 
090 |a MV 10 
110 |9 20991  |a Instituto Nacional de Aprendizaje (Costa Rica) 
245 |a El sistema de cero labranza: una alternativa tecnológica en la producción de arroz bajo riego  
260 |a San José, Costa Rica. : Organización para Estudios Tropicales,  |c 2003 
300 |a 16 páginas , ilustraciones a color  
650 |x CULTIVO DEL ARROZ  |x CONSERVACION DE SUELOS   |x CERO LABRANZA  |9 20997 
700 |9 20992  |a Jiménez R, Jorge A  |d Director del proyecto  
700 |9 20993  |a González J, Eugenio   |d Coordinador del proyecto 
710 |9 20994  |a Organización para Estudios Tropicales  
710 |9 20996  |a Fundación AVINA 
942 |c MX 
999 |c 14634  |d 14634